000
00334nam a2200133Ia 4500
008
240624s9999 xx 000 0 und d
041
_a
eng
082
_a
158.1 MAS
100
_a
MASON JOHN
245
_a
ENEMY CALLED AVERAGE THE KEYS TO UNLOCKI
260
_c
2011
_a
CHINA
_b
SIMPLE TRUTHS
300
_a
122 p.; 23 cm.
365
_c
_b
33
999
_c
32203
_d
32203